000 00700nam a2200241 a 4500
001 71703
003 BD-RJUL
005 20211209082141.0
008 170507s1964 ENKa 000 0 eng d
035 _a(BD-RJUL)71919
040 _aWSU
_cWSU
_dUKM
_dBD-RJUL
_beng
041 _aeng
082 0 4 _a547
_223
_bPOO 1964
090 _aQD261
_b.P58
100 1 _aPopp, Frank D.
_9212164
245 1 0 _aOrganic chemical preparations /
_cFrank D Popp; Harry P Schultz
260 _aPhiladelphia :
_bW.B.Saunders Co.,
_c1964.
300 _a392 p. :
_bill. ;
_c22 cm.
504 _aBibliographical footnotes.
650 0 _aChemistry, Organic
_9208374
700 1 _aSchultz, Harry P.
_9212165
942 _2ddc
_cBK
999 _c71703
_d71703